000
00279nam a2200109Ia 4500
008
171211s9999 xx 000 0 und d
245
4
_a
The End of Evolution
245
_c
Peter Ward
260
_c
1994
650
_x
Biology
856
_u
http://down.ebook777.com/062/0553088122.pdf
999
_c
350411
_d
350411